Nalaganje...

Teach yourself world geography/

Bibliografske podrobnosti
Glavni avtor: Chopra, J. K.
Format: Printed Book
Jezik:English
Izdano: Delhi: Unique, 2014
LEADER 00518nam a22001577a 4500
003 OSt
005 20200624124501.0
008 161105b xxu||||| |||| 00| 0 eng d
082 |a 910.76 CHO/T 
100 |a Chopra, J. K. 
245 |a Teach yourself world geography/  |c J. K. Chopra 
260 |a Delhi:  |b Unique,  |c 2014 
300 |a 132p. 
942 |2 ddc  |c BK 
999 |c 330740  |d 330740 
952 |0 0  |1 0  |2 ddc  |4 0  |6 910_760000000000000_CHO_T  |7 0  |9 377338  |a CSC  |b CSC  |c ST1  |d 2016-11-05  |i 14194  |l 0  |o 910.76 CHO/T  |p CSC14194  |r 2016-11-05  |w 2016-11-05  |y BK